000 00525nam a2200217Ia 4500
008 101110s9999 xx 000 0 und d
041 _aENGLISH
082 _bFR170
100 _aPanda S.C.
245 _aDryland agriculture
260 _c--
_bAgrobios, Jodhpur
300 _a369
365 _b990
520 _aDry-land Agriculture
546 _aENGLISH
630 _aDryland agriculture
650 _aDry-land Agriculture
655 _aDry-land Agriculture
730 _aDryland agriculture
942 _cBOOK
999 _c793324
_d793321